Statistiche per Indovina il calciatore

Clicka qui per fare il quiz!

Statistiche generali

  • Questo quiz è stato fatto 320 volte
  • Il punteggio medio è 12 su 16

Statistiche sulle risposte

Risposta% Corretto
Antony
92%
Vlahovic
92%
Rashford
90%
Asensio
88%
Baschirotto
86%
Julian Alvarez
83%
Aubameyang
81%
Kvaratskhelia
74%
Lacazette
74%
Under
74%
Callejon
73%
Wan Bissaka
65%
Pato
60%
Bruno Guimaraes
55%
Mbabu
54%
Rodrigo
47%

Distribuzione punteggi

Percentile per numero di risposta

Percentuale di utenti per punteggio

I tuoi punteggi nel tempo

Non hai fatto questo quiz